00680nam a2200169 a 450000100100000000500170001000800410002702000180006804000250008608200190011110000270013024501800015726000380033730000280037570000750040370000320047800004475120241015091655.0150109d2014 dr a 000 0 spa d a9789945891232 aDO-SdBNPbspacBNPHU axxxxxxbxxxxxx1 aArmenteros, Ernesto J.10aJesús nació en un cafetal y María Magdalena se redime /cErnesto J. Armenteros; prólogo Fabio J. Guzmán Ariza; revisión y gestión editorial Ruth J. Ruiz Pérez. aSanto Domingo :bCorripio,c2014. a143 p. :bil. ;c23 cm.1 aGuzmán A., Fabio J.q(Fabio José Guzmán Ariza), d1949-epról.1 aRuiz Pérez, Ruth J.erev.